01319nam a2200337Ia 4500001001200000003000800012006001900020007001500039008004100054010001700095020003500112020001800147020001800165040002100183035002000204050002800224082002300252100002800275245012300303260005900426300001900485500005700504500002000561533015200581600002800733650003100761655002900792710001700821856012600838999001700964ebr10687082CaPaEBRm u cr cn|||||||||970528r19971974txua s 001 0aeng d z 97013287  z1574410393 (pbk. : alk. paper) z9781574411393 z9781574415223 aCaPaEBRcCaPaEBR a(OCoLC)5078433414aHF5429.5.D2bM37 1997eb04a381/.14/092aB2211 aMarcus, Stanley,d1905-10aMinding the storeh[electronic resource] :ba memoir : facsimile edition for Neiman Marcus 90 years /cStanley Marcus. aDenton, TX :bUniversity of North Texas Press,cc1997. a383 p. :bill. aOriginally published: Boston : Little, Brown, c1974. aIncludes index. aElectronic reproduction.bPalo Alto, Calif. :cebrary,d2013.nAvailable via World Wide Web.nAccess may be limited to ebrary affiliated libraries.10aMarcus, Stanley,d1905- 0aBusinesspeoplexBiography. 7aElectronic books.2local2 aebrary, Inc.40uhttp://site.ebrary.com/lib/rucke/Doc?id=10687082zAn electronic book accessible through the World Wide Web; click to view c30794d30794